Notebook : Praktická příručka uživatele

Gespeichert in:
Bibliographische Detailangaben
1. Verfasser: Broža, Petr (Verfasst von)
Format: Buch
Sprache:Tschechisch
Veröffentlicht: Brno : Computer Press, 2007
Ausgabe:1.vyd.-dotlač
Tags: Tag hinzufügen
Keine Tags, Fügen Sie das erste Tag hinzu!

MARC

LEADER 00000nam a22000003a 4500
001 stu154323
005 20150617225948.5
008 071219s2007----xr------------------cze-d
020 |a 80-251-0656-X 
040 |a STU  |b slo 
041 0 |a cze 
044 |a xr 
080 |a 004.5 
100 1 |a Broža, Petr  |4 aut 
245 1 |a Notebook :  |b Praktická příručka uživatele 
250 |a 1.vyd.-dotlač 
260 |a Brno :  |b Computer Press,  |c 2007 
300 |a 150 s 
996 |c V*49536/O-21907  |l VV23  |s P  |a 0  |w stu154323_0001